| 000 | 00722nam a2200229 a 4500 | ||
|---|---|---|---|
| 005 | 20140310183457.0 | ||
| 008 | 091109s19uu xx 00 eng d | ||
| 020 | _a9780135002636 | ||
| 050 |
_aRJ 506.B44 _b.K378 2009 |
||
| 100 | _aKauffman, James M. | ||
| 245 |
_aCases in emotional and behavioral disorders of children and youth / _cJames M. Kauffman, Timothy J. Landrum. |
||
| 250 | _a2nd. ed. | ||
| 260 |
_aNew Jersey : _bPearson, _c2009. |
||
| 300 |
_a86 p. : _c24 cm. |
||
| 521 | _aEDU | ||
| 650 |
_aBehavior disorders in children _xcase studies. |
||
| 650 | _aAdolescent. | ||
| 650 |
_aChild Behavior disorders _xcase report. |
||
| 700 | _aLandrum, Timothy J. | ||
| 942 |
_cBK _2lcc _kFOR |
||
| 999 |
_c23686 _d23686 |
||